000 00978nac a22002657a 4500
001 BR7807389
003 BR-BrBNA
005 20240105114339.0
008 230509b bl.|||m| |||| 00| 0 por d
040 _aBR-BrBNA
_bpor
_cBiblioteca Nacional de Agricultura
072 _aE10; E70
090 _aE10 BR7807389
110 1 _aFundacao de Economia e Estatistica, Porto Alegre, RS (Brasil)
_94853
245 1 _aIndicadores economicos RS. Jan-Jun 1978 [estatistica agricola, estatistica comercial, Fundacao de Economia e Estatistica, Rio Grande do Sul, Brasil]
260 3 _aPorto Alegre, RS (Brasil):
_c1978.
300 _a121 p.
490 _aIndicadores Economicos - Fundacao de Economia e Estatistica (Brazil)
_vv. 6(1)
_x
500 _aNumerical data
650 _aESTATISTICA AGRICOLA
650 _aESTATISTICA COMERCIAL
650 _aINDICADOR ECONOMICO
650 _aRIO GRANDE DO SUL
909 _a202312
_bLúcia Elande
_c55
_dLúcia Elande
942 _2AGRIS
_n0
_cMS
999 _c268817
_d268817